000
00328nam a2200133 a 4500
005
20141022142001.0
008
100914s19uu xx 00 eng d
050
_a
DVD
_b
K33 1997
100
_a
Kenny, Jennifer
245
_a
Mobilizing Commitment in your organization.
650
_a
DVD
650
_a
management
942
_c
AVM
999
_c
276246
_d
276246